Themed General Knowledge Questions #9 - Statistics

General Stats
  • This quiz has been taken 41 times
  • The average score is 7 of 10
Answer Stats
Question Answer % Correct
What is the (formal) name of the stick that composers use in orchestral settings to control the band? Baton
95%
What is the element symbol of Lead? Pb
87%
Siam is the old name of what country? Thailand
87%
What is an invertebrate? An animal without a backbone
84%
Which of these is not a Dr. Suess book? The Cat in the Hat Returns!
74%
In what year did Hong Kong become a part of China again? 1997
71%
What fruit is the most consumed world-wide by weight? Bananas
58%
What are the first words spoken by God in the Bible? "Let there be light"
50%
What is the ninth element of the periodic table? Fluorine
39%
Finish the pattern: HHLBBCNO_ F
16%
No matching quizzes found
Score Distribution
Percent of People with Each Score
Percentile by Number Answered
Your Score History
You have not taken this quiz